Tully 101 - Statistics

General Stats
  • This quiz has been taken 717 times
    590 since last reset
  • The average score is 14 of 22
Answer Stats
Hint Answer % Correct
With Tully surname #2 Catelyn
97%
Seat Riverrun
96%
Coat of arms Trout
94%
With Tully surname #1 Edmure
93%
Region The Riverlands
92%
Lord Hoster
91%
Motto Family, Duty, Honour
89%
With Tully surname #3 Lysa
89%
With Tully surname #4 Brynden
83%
Sworn House #4 Frey
78%
Overlord House Baratheon of King's Landing
76%
Title of lord Lord of Riverrun
62%
Sworn House #1 Blackwood
50%
Sworn House #2 Bracken
50%
Sworn House #10 (Extinct) Whent
48%
Sworn House #5 Mallister
47%
Sworn House #7 Piper
33%
Sworn House #3 Darry
31%
Wife of lord (Deceased) Minisa Whent
28%
Sworn House #6 Mooton
27%
Sworn House #9 Vance
24%
Sworn House #8 Ryger
16%
No matching quizzes found
Score Distribution
Percent of People with Each Score
Percentile by Number Answered
Your Score History
You have not taken this quiz since the last reset